Finančná inklúzia a možnosti jej riešenia

Finančná exklúzia verzus inklúzia. Problém finančnej exklúzie a ich príčin na Slovensku. Finančná gramotnosť a vzdelávanie. Best practice.

Gespeichert in:
Bibliographische Detailangaben
1. Verfasser: Chovancová, Božena
Weitere Verfasser: Tkáčiková, Jarmila
Format: Buchkapitel
Sprache:Slowakisch
Schlagworte:
Tags: Tag hinzufügen
Keine Tags, Fügen Sie das erste Tag hinzu!

MARC

LEADER 00000naa$a2200000$$$4500
001 0092622
005 20250514110219.2
041 0 |a slo 
044 |a SK 
245 1 0 |a Finančná inklúzia a možnosti jej riešenia  |c Božena Chovancová, Jarmila Tkáčiková 
520 |a Finančná exklúzia verzus inklúzia. Problém finančnej exklúzie a ich príčin na Slovensku. Finančná gramotnosť a vzdelávanie. Best practice. 
610 2 0 |a trh finančný 
610 2 0 |a trh finančný medzinárodný 
610 2 0 |a gramotnosť 
610 2 0 |a vzdelávanie 
610 2 0 |a Slovensko 
610 2 0 |a inklúzia finančná 
100 1 |a Chovancová, Božena 
700 1 |a Tkáčiková, Jarmila